| 000 | 00909nam a2200277Ia 4500 | ||
|---|---|---|---|
| 003 | OSt | ||
| 005 | 20221002044942.0 | ||
| 006 | a|||||r|||| 00| 0 | ||
| 007 | ta | ||
| 008 | 220930b |||||||| |||| 00| 0 eng d | ||
| 020 |
_a9780199731640 (hbk) _c5995 |
||
| 024 | _a24048 | ||
| 037 |
_b043, 04/12/2015, Better Book Service _cReference Collections |
||
| 040 |
_aCRL _cCRL _beng |
||
| 041 |
_2eng _aeng |
||
| 082 | _aQg, Q5(RR) | ||
| 100 | _aOmer Atalia Ed. | ||
| 245 | 0 | _aOxford handbook of religion conflict and peacebuilding | |
| 260 |
_aOxford _bOxford University Press U.S.A. _c2015 |
||
| 300 |
_axviii, 712p. _ccm. |
||
| 650 | _aRELIGION | ||
| 700 | _a Appleby R. Scott Ed. | ||
| 700 | _a Little David Ed. | ||
| 942 |
_hQg, Q5(RR) _cref _2CC |
||
| 999 |
_c911473 _d911473 |
||